<?xml version="1.0" encoding="UTF-8"?>
<collection xmlns="http://www.loc.gov/MARC21/slim">
<record>
  <controlfield tag="001">118208</controlfield>
  <controlfield tag="005">20220908140501.0</controlfield>
  <datafield tag="024" ind1="7" ind2=" ">
    <subfield code="2">doi</subfield>
    <subfield code="a">10.5209/ELEM.81444</subfield>
  </datafield>
  <datafield tag="024" ind1="8" ind2=" ">
    <subfield code="2">sideral</subfield>
    <subfield code="a">129604</subfield>
  </datafield>
  <datafield tag="037" ind1=" " ind2=" ">
    <subfield code="a">ART-2022-129604</subfield>
  </datafield>
  <datafield tag="041" ind1=" " ind2=" ">
    <subfield code="a">spa</subfield>
  </datafield>
  <datafield tag="100" ind1=" " ind2=" ">
    <subfield code="a">Ares Legaspi, A.</subfield>
    <subfield code="u">Universidad de Zaragoza</subfield>
    <subfield code="0">(orcid)0000-0003-0241-4883</subfield>
  </datafield>
  <datafield tag="245" ind1=" " ind2=" ">
    <subfield code="a">Las oficinas de los arcedianos en la diócesis compostelana en los siglos XIV-XVI: escribanías, notarios y documentos</subfield>
  </datafield>
  <datafield tag="260" ind1=" " ind2=" ">
    <subfield code="c">2022</subfield>
  </datafield>
  <datafield tag="520" ind1="3" ind2=" ">
    <subfield code="a">la documentación producida por los arcedianos apenas ha sido estudiada desde el punto de vista de la paleografía y la diplomática, debido, principalmente, al bajo número de fuentes conservadas. A  través  de  más  de  cincuenta  documentos  emitidos  en  pública  forma  analizaremos,  por  un  lado,  las  oficinas encargadas de la expedición de diplomas, sus componentes humanos (arcedianos, vicarios y notarios) y sus funciones, así como los procedimientos de elaboración de sus productos escritos. Por otro lado, comprobaremos cuáles fueron las tipologías documentales emitidas en ellas y cómo estas se relacionaron co

The palaeographical and diplomatic features of the documents produced for the archdeacons have received little scholarly attention, a neglect due principally to small number of extant texts. Drawing on a collection of more than fifty documents, we analyse the offices where documents were issued, their staff (archdeacons, officials, and notaries), and their functions as well as how documents were drawn up. We also analyse the types of documents issued in these offices and how these were related to their physical features (the scripts, the writing medium, and the language). © 2022 Universidad Compultense Madrid. All right reserved.</subfield>
  </datafield>
  <datafield tag="506" ind1="0" ind2=" ">
    <subfield code="a">Access copy available to the general public</subfield>
    <subfield code="f">Unrestricted</subfield>
  </datafield>
  <datafield tag="540" ind1=" " ind2=" ">
    <subfield code="9">info:eu-repo/semantics/openAccess</subfield>
    <subfield code="a">by</subfield>
    <subfield code="u">http://creativecommons.org/licenses/by/3.0/es/</subfield>
  </datafield>
  <datafield tag="655" ind1=" " ind2="4">
    <subfield code="a">info:eu-repo/semantics/article</subfield>
    <subfield code="v">info:eu-repo/semantics/publishedVersion</subfield>
  </datafield>
  <datafield tag="710" ind1="2" ind2=" ">
    <subfield code="1">3012</subfield>
    <subfield code="2">085</subfield>
    <subfield code="a">Universidad de Zaragoza</subfield>
    <subfield code="b">Dpto. Historia</subfield>
    <subfield code="c">Área Ciencias Técnicas Histor.</subfield>
  </datafield>
  <datafield tag="773" ind1=" " ind2=" ">
    <subfield code="g">45 (2022), 169-195</subfield>
    <subfield code="p">En Esp. mediev.</subfield>
    <subfield code="t">En la Espana Medieval</subfield>
    <subfield code="x">0214-3038</subfield>
  </datafield>
  <datafield tag="856" ind1="4" ind2=" ">
    <subfield code="s">2121831</subfield>
    <subfield code="u">http://zaguan.unizar.es/record/118208/files/texto_completo.pdf</subfield>
    <subfield code="y">Versión publicada</subfield>
  </datafield>
  <datafield tag="856" ind1="4" ind2=" ">
    <subfield code="s">1564664</subfield>
    <subfield code="u">http://zaguan.unizar.es/record/118208/files/texto_completo.jpg?subformat=icon</subfield>
    <subfield code="x">icon</subfield>
    <subfield code="y">Versión publicada</subfield>
  </datafield>
  <datafield tag="909" ind1="C" ind2="O">
    <subfield code="o">oai:zaguan.unizar.es:118208</subfield>
    <subfield code="p">articulos</subfield>
    <subfield code="p">driver</subfield>
  </datafield>
  <datafield tag="951" ind1=" " ind2=" ">
    <subfield code="a">2022-09-08-11:35:41</subfield>
  </datafield>
  <datafield tag="980" ind1=" " ind2=" ">
    <subfield code="a">ARTICLE</subfield>
  </datafield>
</record>
</collection>